عرض عادي
عرض مارك
- Rehabilitation
مدخل مصطلح موضوعي
001 - رقم الضبط
- حقل الضبط: 64381
003 - معرف رقم الضبط
- حقل الضبط: OSt
005 - تاريخ ووقت أخر عملية
- حقل الضبط: 20180819112826.0
008 - عناصر بيانات ثابتة الطول
- حقل تحكم ثابت الطول: 180819|| aca||aabn | a|a d
040 ## - مصدر الفهرسة
- هيئة الفهرسة الأصلية: OSt
- وكالة الكتابة: OSt
150 ## - مدخل-- مصطلح تاريخي
- عنصر مدخل المصطلح الموضوعي او الاسم الجغرافي: Rehabilitation
670 ## - بيانات المصدر موجوده
- الاستشهاد بالمصدر: Work cat.: (OSt)0: Ciccone, Charles D., 1953- author 64377, Pharmacology in rehabilitation /
